000
00256nam a22001217a 4500
008
170915b xxu||||| |||| 00| 0 eng d
041
_a
eng
080
_a
7
100
_a
44
101
_a
ART
245
_a
FORM SPACE AND
_c
COLLER.G
942
_2
udc
_c
BK
999
_c
27824
_d
27824